|
|
|
|
| LEADER |
02373nam a2200481 4500 |
| 001 |
978-981-10-8566-6 |
| 003 |
DE-He213 |
| 005 |
20191024161916.0 |
| 007 |
cr nn 008mamaa |
| 008 |
180409s2018 si | s |||| 0|eng d |
| 020 |
|
|
|a 9789811085666
|9 978-981-10-8566-6
|
| 024 |
7 |
|
|a 10.1007/978-981-10-8566-6
|2 doi
|
| 040 |
|
|
|d GrThAP
|
| 050 |
|
4 |
|a B5000-5289.2
|
| 072 |
|
7 |
|a HPD
|2 bicssc
|
| 072 |
|
7 |
|a PHI003000
|2 bisacsh
|
| 072 |
|
7 |
|a QDH
|2 thema
|
| 082 |
0 |
4 |
|a 181
|2 23
|
| 100 |
1 |
|
|a Ts'ai, Yung-ch'un.
|e author.
|4 aut
|4 http://id.loc.gov/vocabulary/relators/aut
|
| 245 |
1 |
4 |
|a The Philosophy of Ch'eng I
|h [electronic resource] /
|c by Yung-ch'un Ts'ai.
|
| 250 |
|
|
|a 1st ed. 2018.
|
| 264 |
|
1 |
|a Singapore :
|b Springer Singapore :
|b Imprint: Springer,
|c 2018.
|
| 300 |
|
|
|a XV, 241 p.
|b online resource.
|
| 336 |
|
|
|a text
|b txt
|2 rdacontent
|
| 337 |
|
|
|a computer
|b c
|2 rdamedia
|
| 338 |
|
|
|a online resource
|b cr
|2 rdacarrier
|
| 347 |
|
|
|a text file
|b PDF
|2 rda
|
| 490 |
1 |
|
|a China Academic Library,
|x 2195-1853
|
| 505 |
0 |
|
|a Preface -- Introduction -- Some Basic Categories of Ch'eng I's Thought -- His Idea of Nature -- His Idea of History -- His Idea of Man -- Fundamentals of Ethical Teaching -- The Two-fold Way to Perfect Manhood -- Appendices.
|
| 520 |
|
|
|a This book offers a comprehensive account of the great Neo-Confucian Master Cheng I (1033-1107), showing his philosophical ideas in a modern light. It systematically examines Cheng's extensive literature and provides an ingenious interpretation of Cheng's social and political views. The author, Yung-ch'un Ts'ai, was a respected scholar of sociology and theology in 20th century China. .
|
| 650 |
|
0 |
|a Philosophy, Asian.
|
| 650 |
|
0 |
|a Social sciences-Philosophy.
|
| 650 |
1 |
4 |
|a Non-Western Philosophy.
|0 http://scigraph.springernature.com/things/product-market-codes/E44060
|
| 650 |
2 |
4 |
|a Social Philosophy.
|0 http://scigraph.springernature.com/things/product-market-codes/E43000
|
| 710 |
2 |
|
|a SpringerLink (Online service)
|
| 773 |
0 |
|
|t Springer eBooks
|
| 776 |
0 |
8 |
|i Printed edition:
|z 9789811085659
|
| 776 |
0 |
8 |
|i Printed edition:
|z 9789811085673
|
| 776 |
0 |
8 |
|i Printed edition:
|z 9789811341878
|
| 830 |
|
0 |
|a China Academic Library,
|x 2195-1853
|
| 856 |
4 |
0 |
|u https://doi.org/10.1007/978-981-10-8566-6
|z Full Text via HEAL-Link
|
| 912 |
|
|
|a ZDB-2-REP
|
| 950 |
|
|
|a Religion and Philosophy (Springer-41175)
|